[Event "EU-chT (Men) 19th"]
[Site "Warsaw"]
[Date "2013.11.14"]
[Round "6.4"]
[White "Almasi, Zoltan"]
[Black "Movsesian, Sergei"]
[Result "0-1"]
[WhiteElo "2710"]
[BlackElo "2700"]
[Annotator "Szabo,Kr"]
[PlyCount "132"]
[EventDate "2013.11.08"]
[EventType "team-swiss"]
[EventRounds "9"]
[EventCountry "POL"]
[SourceTitle "CBM 158"]
[Source "ChessBase"]
[SourceDate "2014.01.16"]
[SourceVersion "1"]
[SourceVersionDate "2014.01.16"]
[SourceQuality "1"]
[WhiteTeam "Hungary"]
[BlackTeam "Armenia"]
[WhiteTeamCountry "HUN"]
[BlackTeamCountry "ARM"]

1. e4 c5 2. Nf3 e6 3. d4 cxd4 4. Nxd4 Nc6 5. Nc3 Qc7 6. Be3 a6 7. Qd2 Nf6 8. f3
b5 9. g4 Bb7 10. O-O-O Nxd4 11. Bxd4 Be7 12. g5 Nh5 13. Ne2 Rc8 14. Rg1 $146 {
The first novelty by Almasi.} ({A few month ago Movsesian played this in a
blitz game} 14. h4 O-O 15. Kb1 $6 e5 $1 16. Be3 d5 $1 {A very typical and
strong tactical blow in this type of Sicilian.} 17. exd5 Bxd5 $17 {and Black
has a wonderful initiative, Kobalia-Movsesian, Khanty-Mansiysk blitz 2013.})
14... O-O {The most natural reply.} ({Of course} 14... Qxh2 $2 {is bad,
because of} 15. Bxg7 $1 $16 {and the d7 P is unprotected.}) 15. Bh3 {A
frequent move, White prepares for Bg4 after a few moves.} g6 16. Kb1 (16. Bg4
$4 {is losing, because of} Bxg5 $1 $19 {and Black wins.}) 16... d5 17. e5 Ng7
18. f4 b4 19. Bg4 a5 {So far both players are following their plans.} 20. Nc1 (
{In the event of} 20. h4 a4 21. Rh1 (21. h5 gxh5 22. Bf3 Ba6 23. Rh1 b3 $13 {
with a very unclear fight.}) 21... Ba6 22. h5 (22. Nc1 Nf5) 22... gxh5 23. Ng3
$1 {This is the point of White's attacking plan, but Black has also
counterchances.} hxg4 (23... b3 $2 24. c3 $1 bxa2+ 25. Ka1 $16) 24. Qh2 Qxc2+
25. Qxc2 Rxc2 26. Kxc2 b3+ 27. axb3 Rc8+ 28. Kd2 Bb4+ 29. Bc3 Bxc3+ 30. bxc3
axb3 $132 {with a very difficult endgame.}) 20... Ba6 21. Rg2 {A prophylactic
move, White gives extra protection to the c2 P.} (21. h4 a4) 21... a4 22. h4
Bc5 23. Bxc5 Qxc5 24. Rh2 (24. Qd4 Qa5) 24... Rc7 25. h5 Rfc8 26. hxg6 hxg6 27.
Rdh1 (27. Qe1 $5 {was also tempting} Kf8 28. Qh4 Ke8 (28... Ne8 $2 29. f5 $1
$18 {with a decisive attack.}) 29. Qh8+ Qf8 30. Qxf8+ Kxf8 31. b3 Ke7 32. Rd4
Rb8 $11 {a nearly equal endgame.}) 27... Kf8 28. Rh8+ Ke7 29. Rxc8 Rxc8 30. Rh7
Ne8 $6 {An inaccuracy.} ({The passive} 30... Rg8 {was the correct asnwer} 31.
Nd3 Bxd3 32. cxd3 Nf5 $13 {with a double-edged fight.}) ({or even} 30... Nf5 {
was also good} 31. Bxf5 exf5 $13) 31. Bh5 $5 {A very interesting tactical move.
} ({The engine shows the strong} 31. f5 $1 exf5 32. Bxf5 $1 gxf5 33. g6 b3 34.
axb3 $1 (34. Rxf7+ Ke6 {and still Black can defend.}) 34... axb3 35. Nxb3 Qg1+
36. Nc1 Qxg6 37. Rh6 Qg3 38. Qb4+ Kd8 39. Qb6+ Rc7 40. Rd6+ Ke7 41. Rxd5 {
etc. A typical line by Mr. Houdini!}) 31... gxh5 32. g6 b3 33. axb3 axb3 34.
Rxf7+ Kd8 35. Nxb3 Qg1+ 36. Ka2 Qxg6 37. Qa5+ Rc7 38. Rxc7 $2 {A decisive
mistake in time trouble.} (38. Rf8 $1 {was the correct reply} Qg7 $1 (38... Bc4
39. Qb6 $1 Bxb3+ 40. cxb3 Ke7 41. f5 $3 Qg4 42. Rf6 $1 $18 {and White has a
winning attack.}) 39. Nd4 $1 Bc8 40. Nc6+ Kd7 41. Nb8+ Kd8 42. Nc6+ $11 {
with a nice perpetual check.}) 38... Nxc7 $19 39. Nd4 Kc8 40. Qb6 Qe8 41. b3 h4
42. f5 exf5 43. Qf6 Qd8 44. Qxf5+ Kb7 45. Qf6 Kc8 46. Qf5+ Qd7 47. e6 (47. Qf6
{was a little bit more accurate, but this position is already difficult for
White.}) 47... Qe7 48. Qf7 Qc5 $1 49. Qd7+ Kb8 50. Qd8+ Bc8 51. Qxh4 Nxe6 {
A technically winning position. The rest is not difficult.} 52. Qh2+ Qc7 53.
Nc6+ Kb7 54. Qxc7+ Kxc7 55. Nb4 Nf4 56. c3 Kd6 57. Kb2 Bf5 58. Nc2 Bxc2 59.
Kxc2 Ne6 60. c4 d4 61. b4 Ke5 62. Kd3 Nf4+ 63. Kd2 Ke4 64. c5 Kd5 65. Kc2 Kc4
66. c6 Ne6 0-1

[Event "Buenos Aires Najdorf"]
[Site "Buenos Aires"]
[Date "1991.??.??"]
[Round "12"]
[White "Tal, Mihail"]
[Black "Panno, Oscar"]
[Result "1-0"]
[WhiteElo "2565"]
[BlackElo "2440"]
[Annotator "Tal,M"]
[PlyCount "69"]
[EventDate "1991.04.??"]
[EventType "tourn"]
[EventRounds "13"]
[EventCountry "ARG"]
[EventCategory "11"]
[SourceTitle "CBM 024"]
[Source "ChessBase"]
[SourceDate "1991.10.01"]
[SourceVersion "1"]
[SourceVersionDate "1991.10.01"]
[SourceQuality "1"]

1. e4 c5 2. Nf3 e6 3. Nc3 a6 4. d4 cxd4 5. Nxd4 Qc7 6. Bd3 Nc6 7. Be3 Nf6 8.
O-O Ne5 9. h3 Bc5 10. Na4 (10. Qe2 {Tal-Najdorf, USSR-World (m) 1970} d6 11. f4
Ng6 12. Nb3 Bxe3+ 13. Qxe3 O-O (13... b5 14. Rae1 O-O 15. g4 Qa7 $15 {
Kavalek-Timman, Prague 1990}) 14. Rae1 $10) 10... Ba7 11. c4 d6 (11... Nxc4 12.
Bxc4 (12. Rc1 $2 Nxe3) (12. Qc1 b5) 12... Qxc4 13. Rc1 Qb4 14. Nxe6 $3 dxe6 (
14... Bxe3 15. Nc7+ Kd8 (15... Kf8 16. fxe3 Rb8 17. e5 Ne8 18. Qd5 f6 19. Nxe8
Kxe8 20. exf6 $18) 16. fxe3 Rb8 17. e5 Ne8 18. Nd5 Qe4 19. Nab6 Rf8 (19... Qxe5
20. Rxf7 {/\Rc8,Qd7#}) 20. Rc4 Qxe5 21. Qa4 {/\Rc8,Qd7#} Qe6 (21... Qd6 22.
Rfc1 $18) 22. Qa5 $18) 15. Bxa7 Bd7 (15... Rxa7 16. Rxc8+) (15... O-O 16. Bc5)
(15... Nd7 16. Nc5 $16 {Faibisovic-Litzberger, Harrachov 1967}) 16. Bc5 $1 Qxa4
17. Qd6 Kd8 18. Qe7+ Kc7 (18... Kc8 19. Bb6+ Qc6 20. Rxc6+ $18) 19. Bb6+ Kxb6
20. Qc5#) (11... O-O 12. Rc1 d6 13. Nc3 b6 14. b3 Nxd3 15. Qxd3 $16 {
Vogt-Timoshenko, Stary Smokovec 1972}) 12. Rc1 {/\Be2,f4} (12. Nc3 Nxc4 $2 13.
Qa4+ b5 14. Ndxb5 axb5 15. Nxb5 Qd7 16. Bxc4 Bxe3 (16... O-O 17. Bxa7 $18) 17.
Qxa8 $18) 12... Nxd3 (12... Bd7 13. Nc3 O-O 14. b3 Rfd8 (14... Rac8 15. Bb1 Qb8
16. a4 h6 17. Qd2 Rfd8 18. Rfd1 $13 {Vogt-Schmidt, Leipzig 1973}) 15. Bb1 Be8
16. Qe2 $10 {Kholmov-Schmidt,Tbilisi 1974}) 13. Qxd3 Bd7 14. Nc3 O-O 15. Rfd1
Rfc8 (15... Rfd8 16. Bg5 {/^g5-d8}) 16. b3 {/\17.Nc2 Be3 18.Ne3 Ne8 19.e5} Ne8
17. Nf3 {/^e3-a7,<->d} Bxe3 18. Qxe3 {Maroczy structure: Pe4+d4:Pe6+d6 -->
ChessBase: Motiv} b6 {/\Qb7,Pb6-b5-><<} 19. Qf4 $1 Bc6 (19... Qb7 20. e5 dxe5
21. Nxe5 Nf6 (21... Bc6 22. Rd7 $1 $18 {><f7,ףb7}) 22. Rxd7 Nxd7 23. Qxf7+ Kh8
24. Qxd7 {+/-/+-}) 20. Nb5 {><d6} Bxb5 (20... axb5 21. cxb5 Qb7 22. bxc6 Rxc6
23. Rxc6 Qxc6 24. e5 d5 (24... dxe5 25. Qxf7+ Kxf7 26. Nxe5+ Kf8 27. Nxc6 Rxa2
28. Rd7 {+/- _|_ /\Rb7,Nd4}) 25. Rc1 Qb5 (25... Qd7 26. Qb4 b5 27. Rc5 Nc7 (
27... Rxa2 28. Rxb5 {/\Rb7,Rb8,Nd4}) 28. Nd4 Rb8 (28... Na6 29. Qa5) 29. a4 $18
Na6 30. Rxb5 $1) 26. Nd4 {/\a4, <->c +/-}) 21. cxb5 Qb7 22. Rxc8 {קa6, >< 7<->
} Rxc8 23. e5 dxe5 (23... d5 24. a4 $1 {/\Nf3-d4 ><c6}) 24. Nxe5 Nf6 (24... f6
25. Qg4 $1 {/\Rd7,Qe6} (25. Rd7 Qb8 (25... fxe5 $4 26. Qf7+ $18) 26. bxa6 Qxe5
27. Qxe5 fxe5 28. a7 {/\Rd7-b7-b8} Ra8 29. a4 $1 {/\Kg1-f1-e2-d3-c3-b4-b5xb6} (
29. Rb7 h6 30. a4 Kh7 31. Rb8 Rxa7 32. Rxe8 b5 $1 33. axb5 Rb7 34. Rxe6 Rxb5
$10) 29... h6 $1 30. Rb7 Kh7 31. Rb8 (31. Rxb6 $5 Rxa7 32. Rxe6 Nf6 33. Rxe5
Rb7 34. Rb5 (34. Re3 Nd5 35. Rd3 Nb4 {/\Nb4-c6-a5xb3} 36. Rc3 Nd5 $10) 34...
Rxb5 35. axb5 Nd5 36. Kf1 Kg6 37. Ke2 Kf5 38. Kd3 Ke5 39. Kc4 Kd6) 31... Rxa7
32. Rxe8 b5 $1 33. axb5 Rb7 34. Rxe6 Rxb5 $10) 25... f5 (25... fxe5 26. Qxe6+
Kh8 27. Rd7 Qe4 28. Rf7 $1 $18 (28. Rc7 $2 Rd8 29. Rc8 Rd1+ $19)) 26. Qe2 axb5
27. Rd7 Rc7 (27... Qa6 28. Qh5 $18) 28. Qh5 $3 $18 {/\Qe8#}) 25. bxa6 Qxa6 26.
Nc6 Re8 (26... Qa3 27. b4) (26... Nd5 27. Qd6 {/\28.Rd5 ed 29.Ne7 Kh7 30.Nc8
Qc8 31.Qd5 +-} Qb7 28. Rxd5 exd5 29. Ne7+ Kh8 30. Nxc8 Qxc8 31. Qxd5 $18) (
26... Qb7 27. Qd6 Ne8 28. Ne7+ Kh8 29. Qd7 Qxd7 30. Rxd7 {+/-/+-} Ra8 31. Nc6
Nf6 (31... Kg8 32. a4 {/\b4,a5}) 32. Rxf7 Kg8 (32... Rxa2 33. Rf8+ Ng8 34. Ne7
$18) 33. Rb7 Rxa2 34. Rxb6 Ne4 35. Rb8+ Kf7 36. Ne5+ Kf6 37. Ng4+ $18) 27. Qc7
$1 Qe2 (27... Nd5 28. Ne7+ $1 Nxe7 (28... Kf8 29. Nxd5 exd5 30. Qd6+ Kg8 31. a4
{/\Qd5+/- _|_}) 29. Rd8 Kf8 30. Qd7 $18) 28. Rd8 Qe1+ 29. Kh2 Qxf2 {/\30...
Ng4! 31.hg Qh4 32.Kg1 Qe1=} 30. Ne5 {><f7} Qf4+ (30... Kh8 31. Nxf7+ Kg8 32.
Ne5 Kh8 33. Nf3 {_|_} (33. Qb8 Rxd8 34. Qxd8+ Ng8 {/\Qf4 =})) 31. Kg1 Qe3+ 32.
Kh1 Qe1+ 33. Kh2 Qxe5+ (33... Kh8 34. Qb8 Rxd8 35. Qxd8+ Ng8 36. Nxf7#) 34.
Qxe5 Rxd8 35. Qc7 (35. Qc7 Re8 36. Qxb6 e5 37. a4 e4 38. Kg1 $1 e3 39. Kf1 e2+
40. Ke1 $18) 1-0

[Event "Match/Team URS-World 20,5-19,5"]
[Site "Belgrade"]
[Date "1970.03.29"]
[Round "1.9"]
[White "Tal, Mihail"]
[Black "Najdorf, Miguel"]
[Result "1/2-1/2"]
[WhiteElo "2590"]
[BlackElo "2570"]
[Annotator "Tal/Najdorf"]
[PlyCount "81"]
[EventDate "1970.03.29"]
[EventType "team"]
[EventRounds "4"]
[EventCountry "YUG"]
[SourceTitle "MCL"]
[Source "ChessBase"]
[SourceDate "1999.07.01"]
[SourceVersion "1"]
[SourceVersionDate "1999.07.01"]
[SourceQuality "1"]
[WhiteTeam "Soviet Union"]
[BlackTeam "World"]
[WhiteTeamCountry "URS"]
[TimeControl "40/9000:16/5400:0"]

1. e4 c5 2. Nf3 Nc6 3. d4 cxd4 4. Nxd4 e6 5. Nc3 Qc7 6. Be3 a6 7. Bd3 Nf6 8.
O-O Ne5 (8... Nxd4 9. Bxd4 Bc5 {Tal=:T}) (8... b5 {T}) 9. h3 (9. Be2 b5 10. f4
Nc4 11. Bxc4 Qxc4 12. e5 Nd5 13. Nxd5 Qxd5 $15 {Najdorf=:N}) 9... Bc5 10. Kh1
$2 {T} (10. Na4 Ba7 11. c4 Nxc4 12. Bxc4 Qxc4 13. Rc1 Qb4 14. Re1 Nxe4) (10. f4
$6 Nc6 11. Nf5 Qb6 12. Nd6+ Kf8 (12... Ke7 $142) 13. Bxc5 Qxc5+ 14. Kh1 Qxd6
15. e5 {Tal}) (10. Be2 {T}) 10... d6 11. f4 Ned7 (11... Nc6 12. e5 $5 {T} (12.
Be2) 12... Bxd4 (12... dxe5 13. Nxe6 $1) 13. Bxd4 Nxd4 (13... dxe5 14. fxe5
Nxe5 15. Ne4 $1 $16 {N}) 14. exf6 gxf6 $40 {N}) 12. Qf3 (12. g4 h6 {T}) 12...
b5 $1 {T/N} 13. Nb3 (13. e5 Bb7 14. exd6 (14. Ne4 Nxe4 15. Bxe4 Bxe4 16. Qxe4
d5 $15 {T}) 14... Qb8 (14... Bxd6 $2 15. Ndxb5 $1) 15. Qf2 (15. Qg3 Bxd6 16.
Qxg7 $2 Rg8 $17 {N}) 15... Bxd6 $15) (13. Rad1 Rb8 {T} (13... b4) (13... Bb7
14. Bxb5)) 13... Bb7 14. a4 b4 15. Ne2 Bxe3 (15... O-O $142 {T}) 16. Qxe3 Nc5
17. Ng3 Rc8 (17... O-O {T}) 18. Qe2 $1 {T} O-O (18... Nxd3 19. cxd3 Qc2 20.
Qxc2 Rxc2 21. Na5 {P 22. fc1 T}) (18... h5 19. e5 h4 20. exf6 hxg3 $1 {T}) 19.
Nxc5 Qxc5 20. Rad1 (20. e5 {T} dxe5 21. fxe5 Nd7 22. Rae1 (22. Bxh7+ Kxh7 23.
Qd3+ Kg8 24. Qxd7 Rc7 $10 {T/N}) 22... Qd4 {T}) (20. Bxa6 Bxa6 21. Qxa6 Qxc2 {T
} 22. Rac1 $2 Qxc1 $17 {N}) 20... a5 $2 {N} (20... d5 $1 21. exd5 (21. e5 Ne4
$1) 21... Nxd5 22. Ne4 Qe7 23. Qh5 h6 24. f5 exf5 25. Qxf5 g6 $10 {N}) 21. e5
$1 {N} dxe5 22. fxe5 Nd5 (22... Nd7 23. Bxh7+ Kxh7 24. Qh5+ (24. Rxd7 Bc6 $2
25. Qh5+ {N}) 24... Kg8 25. Rxd7 $18 {T}) 23. Ne4 Qe3 24. Qh5 (24. Qg4 Qh6 25.
Nf6+ Kh8 $1 26. Nxd5 Bxd5 27. Rf4 f5 {T}) 24... Qh6 $1 {T} (24... h6 $2 25. Rf3
{N}) (24... g6 $2 25. Qh4 {N}) 25. Qxh6 gxh6 26. Rf3 (26. Nf6+ Nxf6 27. Rxf6 {T
}) (26. Nd6 {T}) 26... Rc7 (26... Bc6 $142 {N}) 27. Rdf1 {P 28. g3 h8 29. f6
f6 30. f6 +- N} Ne7 $1 {T} 28. Rg3+ Kh8 (28... Ng6 $2 29. Nf6+ Kh8 30. Nxh7 $1
{N}) 29. Nd6 (29. Nf6 Nf5 (29... Ng6 30. Nxh7 $1 Rg8 31. Bxg6 fxg6 32. Nf8 $1
g5 33. Rf6 {T}) (29... Rd8 30. Nxh7 Nf5 {T}) 30. Bxf5 exf5 31. Rxf5 Rxc2 32.
Rh5 Bc8 33. Rxh6 Bf5 34. h4 {T}) 29... Nc6 (29... Ng6 30. Bxg6 hxg6 31. Rxg6
Rxc2 32. Nxb7 {N}) (29... Ng8 30. Bc4 $1 {N/T} Bc8 31. b3 {T}) 30. Re3 {
P 31. f6! N/T} Kg7 $1 {N} 31. Rf4 (31. Rf6 $2 Nxe5 $1 {N}) 31... Ne7 32. Bb5 (
32. Rxf7+ Rxf7 33. Ne8+ Kf8 (33... Kh8 34. Nxc7 Nd5 35. Nxd5 Bxd5 36. Kg1 $14 {
N}) 34. Nxc7 Nd5 {T}) 32... Ng6 33. Rd4 (33. Rf2 {T}) 33... Bd5 $1 {T} (33...
Bc6 34. Rc4 {T}) 34. c4 (34. Ne8+ Rxe8 35. Bxe8 Rxc2 $15 {T/N}) 34... bxc3 35.
bxc3 Rc5 $1 {P 36... a8 N} 36. Ne8+ Kh8 37. Nf6 Rfc8 (37... Nxe5 {??! T} 38.
Rxe5 (38. Nxd5) 38... Bxg2+ 39. Kxg2 $1 Rxe5 40. Nd7 {T}) 38. c4 Bxc4 (38...
Bc6 39. Bxc6 R5xc6 40. Ree4 Rc5 {T} 41. Nd7 $10 {T/N}) 39. Ne4 Bxb5 $1 {T} (
39... Rxe5 $2 40. Bxc4 $1 f5 41. Nd6 $1 {T}) 40. Nxc5 Rxc5 41. axb5 {adjourned}
1/2-1/2

[Event "ISR-chT"]
[Site "Israel"]
[Date "1997.02.27"]
[Round "5"]
[White "Shmuter, Leonid"]
[Black "Tsesarsky, Ilya"]
[Result "0-1"]
[WhiteElo "2490"]
[BlackElo "2390"]
[Annotator "Tsesarsky,I"]
[PlyCount "98"]
[EventDate "1997.??.??"]
[EventType "team"]
[EventRounds "11"]
[EventCountry "ISR"]
[SourceTitle "CBM 057"]
[Source "ChessBase"]
[SourceDate "1997.04.01"]
[SourceVersion "1"]
[SourceVersionDate "1997.04.01"]
[SourceQuality "1"]

1. e4 c5 2. Nf3 Nc6 3. d4 cxd4 4. Nxd4 Qc7 5. Nc3 e6 6. Be3 a6 7. Bd3 (7. Be2
$142 {Theory}) 7... Nf6 8. O-O b5 $1 {If The white Bishop stands in d3 instead
of e2 - b7-b5 is strong} 9. Nxc6 Qxc6 10. f3 (10. e5 Bb7 11. f3 Nd5 $1 (11...
Bc5 12. Qe2 Ng4 13. fxg4 Bxe3+ 14. Kh1 Bd4 (14... Qb6 15. a4 b4 16. Ne4 $16 {
Attack} O-O 17. Rf3 Bd4 18. Rh3 h6 19. g5 Bxb2 20. gxh6 Bxe5 21. hxg7 Rfd8 (
21... Bxg7 22. Rh8+ Kxh8 (22... Bxh8 23. Qg4+ Kh7 24. Nf6+ Kh6 25. Qh5+ Kg7 26.
Qg5#) 23. Qh5+ Kg8 24. Nf6+ Bxf6 25. Qh7#) 22. Qh5 Bxg7 23. Ng5 $18) 15. Be4
Qc7 16. Qf3 $16) 12. Be4 Nxe3 (12... Nxc3 13. Bxc6 Nxd1 14. Bxb7 Nxe3 (14...
Rb8 15. Rfxd1 Rxb7 16. a4 b4 (16... bxa4 17. Rxa4 Rxb2 18. Rxa6 Rxc2 19. Ra8+
Ke7 20. Bc1 $18) 17. Rd2 Be7 18. Rad1 f6 $11) 15. Bxa8 Nxf1 (15... Bc5 $2 16.
Rfc1 Nxc2+ 17. Kf1 Nxa1 18. Rxc5 Ke7 19. Be4 $18 {[%csl Ra1]}) 16. Kxf1 Bc5 $11
) 13. Bxc6 Nxd1 14. Bxb7 Bc5+ 15. Kh1 Rb8 16. Rfxd1 Rxb7 17. Ne4 Rc7 (17... Be7
18. Nd6+ Bxd6 19. Rxd6 $14) 18. c3 Ke7 $11) 10... Bc5 11. Qe1 d6 (11... b4 $2
12. Nd5 $1 Nxd5 13. exd5 Qb6 14. Bxc5 Qxc5+ 15. Kh1 Bb7 16. dxe6 dxe6 17. Qh4
h6 18. a3 $1 bxa3 19. Qa4+ Bc6 (19... Qc6 20. Qxa3 $16) 20. Qxa3 Qxa3 21. Rxa3
Bb7 22. Rfa1 $16) (11... Bb7 12. Kh1 d6 13. Bg5 $1 $40 Bd4 14. a4 b4 15. Nb5 $1
Bc5 16. c3 $1 (16. e5 $2 dxe5 17. Qxe5 O-O-O 18. Be4 (18. Bxf6 gxf6 19. Qxf6
axb5 20. axb5 Qc7 21. c3 Be7 22. Qg7 Bd6 $17) 18... Qb6 $1 $15) 16... bxc3 17.
Qxc3 O-O 18. b4 Bxb4 19. Qxb4 axb5 20. Rfc1 $16) 12. Kh1 Bxe3 (12... O-O 13.
Bg5 Bd4 14. Bxf6 (14. Qh4 $40 h6 15. Bd2 (15. Bxh6 $1 gxh6 16. Qxh6 Qc5 (16...
Bxc3 17. bxc3 (17. Qg5+ $11) 17... Ne8 (17... Qxc3 18. Rae1 {[%cal Ge4e5]} Ne8
19. e5 f5 $8 20. exf6 (20. Re3 Qc7 21. exd6 Nxd6 22. f4 Rf7 23. Rff3 Rg7 24.
Rg3 Rg4 25. Rxg4+ (25. h3 Qg7 26. Rxg4 fxg4 27. Qxg7+ Kxg7 28. hxg4 $17) 25...
fxg4 26. Re5 Nf7 $8 27. Qh7+ (27. Rg5+ Nxg5 28. Qxg5+ $11) 27... Kf8 28. Bg6 (
28. Rg5 Qxf4 29. Rg8+ Ke7 $19) 28... Ra7 29. Bxf7 Qxf7 30. Qh8+ Qg8 31. Qf6+
Ke8 32. Rc5 Rf7 (32... Bb7 33. Rg5 $18) 33. Rxc8+ Kd7 34. Rxg8 Rxf6 35. g3 Rf5
36. Rxg4 Rc5 37. Rg7+ $18) 20... Rxf6 21. Qh7+ Kf8 22. Re4 Rf7 $17) 18. f4 Bb7
19. Rf3 Qxc3 20. Rg3+ Ng7 21. Rb1 $18) 17. e5 Qxe5 18. Rae1 (18. f4 $2 Qh5 19.
Bh7+ Kh8 20. Qxf8+ Kxh7 21. Qxd6 Ng4 22. h3 Bb7 $19) 18... Qh5 19. Bh7+ Kh8 20.
Qxf8+ Kxh7 21. Qxd6 Bxc3 22. Qd3+ Qg6 23. Qxc3 $16)) 14... Bxf6 15. e5 Bxe5 16.
Be4 d5 (16... Bxc3 17. Qh4 (17. Bxc6 Bxe1 18. Bxa8 Bh4 19. Rfd1 (19. a4 Bd7)
19... d5 20. a4 Bd7 21. Bb7 bxa4 22. Bxa6 Rb8 23. Ra2 Bf6 24. c3 $14) 17...
Qxe4 18. Qxe4 d5 19. Qd3 Bxb2 20. Rab1 Bf6 $14) 17. Bxd5 exd5 18. Qxe5 Bb7 19.
Rad1 Rad8 (19... b4 $2 20. Nxd5 Qxc2 21. Ne7+ (21. Nxb4 Qc4 22. Qe7 $16) 21...
Kh8 22. Rd7 Rab8 23. Nf5 f6 (23... Rg8 24. Nh6 $18 {[%csl Rb7,Rf7]}) 24. Qe7
Rg8 25. Nh6 $18) 20. Qd4 $14) 13. Qxe3 Qc5 $5 $146 (13... O-O 14. f4 (14. a3
Bb7 15. f4 Qc5 16. Qg3 d5 17. e5 Ne4 18. Qh4 f5 19. Bxe4 fxe4 (19... dxe4 20.
Rad1 Bd5 21. Nxd5 exd5 22. c3 a5 23. Rd4 Rad8 24. Rfd1 Qc6 $14) 20. Qh3 Rae8
$15 (20... d4 $6 21. Qxe6+ Kh8 22. Ne2 Qxc2 23. Nxd4 Qxb2 24. Qd7 Rxf4 $4 (
24... e3 25. Qxb7 Qxd4 26. Rae1 Rae8 $11) 25. Ne6 $18 {[%csl Rb7,Gg7]} Rxf1+ (
25... Rg4 26. g3 Qxe5 27. Qxb7 Rg8 (27... Rb8 28. Rac1 $18) 28. Qf7 $18) 26.
Rxf1 Qxe5 27. Nd8 {1-0 German,S-Garcia,R/Buenos Aires Gran Prix 1994})) 14...
Bb7 $11 (14... b4 15. Ne2 e5 16. Ng3 Re8 $132 {[%cal Ge8e3]}) 15. a3 (15. Qg3
$2 b4 $17) 15... d5 16. exd5 (16. e5 d4 17. Qh3 dxc3 18. exf6 g6 19. b4 (19.
Rg1 $2 cxb2 20. Rab1 Qc3 {[%csl Rf6]}) 19... Rfd8 20. Rg1 Qd6 21. Qh6 $140 Qf8
$15) 16... Nxd5 17. Qh3 g6 18. Be4 Qc5 19. Rae1 Rad8 $11) 14. Qxc5 dxc5 15. a4
(15. e5 Nd7 16. f4 Bb7 17. a4 b4 18. Ne4 Bxe4 19. Bxe4 Rd8 20. a5 Ke7 21. Bd3 (
21. Bb7 Nb8 22. Rad1 Rxd1 23. Rxd1 Rd8 24. Rxd8 Kxd8 25. g4 Kc7 26. Be4 h6 27.
Bd3 Nc6 28. Bxa6 Nxa5 29. Kg2 Kc6 30. Kf3 Kd5 31. Bb5 Kd4 32. Be8 f6 33. exf6
gxf6 34. Bf7 e5 35. fxe5 fxe5 36. h4 e4+ 37. Ke2 Nb7 38. g5 hxg5 39. hxg5 (39.
h5 Nd6 40. Bg6 Ke5 41. h6 Kf6 42. h7 Kg7 43. Ke3 Kh8 44. b3 Kg7 45. Kf2 g4 46.
Kg3 e3 47. Bd3 e2 48. Bxe2 Nf5+ 49. Kxg4 (49. Kf4 g3 50. Bf3 Nd4 51. Be4 Nxc2
52. Kxg3 Nd4 $11) 49... Ne3+ 50. Kf4 Nxc2 $11 {[%cal Gc2d4,Gd4b3]}) 39... Nd6
40. g6 Nf5 $11) 21... Nb8 22. Rfd1 Rd4 23. g3 Rhd8 24. b3 h6 25. Be2 Rd2 26.
Bd3 Rxd1+ 27. Rxd1 f6 28. exf6+ Kxf6 29. Kg2 Rd6 30. Ra1 (30. Kf3 Nc6 $15)
30... e5 (30... Nd7 31. Kf3 e5 32. Re1 exf4 33. gxf4 Nf8 34. f5 Nd7 35. Kf4 (
35. Re6+ $2 Rxe6 36. fxe6 Ne5+ $19) 35... Rd4+ 36. Kg3 Rd6 37. Kf4 $11 (37.
Re6+ $2 Rxe6 38. fxe6 Nb8 39. Bc4 Nc6 40. Bxa6 Nxa5 $17)) 31. fxe5+ Kxe5 32.
Re1+ Kf6 $11) 15... b4 16. Nd1 Nd7 $1 $11 17. Ne3 (17. f4 $2 g5 $1 18. fxg5 Ne5
$44 {For example} 19. Ne3 Bb7 20. Rae1 Ke7 21. Nc4 Nxc4 22. Bxc4 Rag8 23. h4 h6
24. gxh6 Rg4 $17) 17... Ne5 18. f4 Nxd3 19. cxd3 Ke7 20. Rac1 Rd8 21. Rfd1 Bd7
22. b3 Rac8 23. Kg1 f6 $1 24. Kf2 Be8 25. Kf3 Bf7 {[%csl Rb3]} 26. d4 $2 (26.
Nc4 $142 $11) 26... f5 $1 $15 27. dxc5 (27. h3 fxe4+ 28. Kxe4 Bg6+ 29. Kf3 (29.
Ke5 cxd4 30. Rxc8 Rxc8 31. Kxd4 Rc3 $17) 29... cxd4 30. Rxc8 Rxc8 31. Rxd4 a5
32. Nc4 Rc5 33. Rd2 Be8 $15) (27. d5 fxe4+ 28. Kxe4 exd5+ 29. Nxd5+ Kf8 $15)
27... Bh5+ 28. g4 Rxd1 29. Rxd1 fxg4+ (29... Bxg4+ 30. Nxg4 fxg4+ 31. Kxg4 Rxc5
$17) 30. Kg3 Rxc5 $17 31. Nc4 Be8 32. Rd4 h5 33. Kh4 g6 $22 34. a5 $138 (34.
Kg3 e5 35. Nxe5 Rc3+ 36. Rd3 Bf7 37. Kh4 Rxd3 (37... Bxb3 38. Nxg6+ Ke8 39. Rd6
Rh3+ 40. Kg5 Bxa4 41. Rxa6 Bc2 42. f5 b3 43. f6 b2 44. Ra8+ Kd7 45. f7 b1=Q 46.
f8=Q Qc1+ 47. Nf4 $18) 38. Nxd3 a5 39. Nc5 (39. Nc1 Kf6 $22 40. h3 gxh3 41.
Kxh3 g5 $19) 39... Kd6 40. Nb7+ Kc7 41. Nxa5 Kb6 $19) 34... Bb5 $19 35. Ne5 Kf6
36. Nd7+ (36. Rd7 g5+ 37. fxg5+ (37. Kxh5 gxf4 $19) 37... Kxe5 $19) 36... Bxd7
37. Rxd7 Rc2 (37... Rc3 $19) 38. e5+ Kf5 39. Rf7+ Ke4 40. Kg5 Rxh2 41. Rf6 g3
42. Rxg6 g2 43. Kf6 Kxf4 44. Kxe6 Kf3 45. Kf7 Rh1 46. e6 g1=Q 47. Rf6+ Kg3 (
47... Ke4 48. e7 Qa7 49. Kf8 Qc5 50. Kf7 $17) 48. e7 Qa7 49. Re6 Qd7 0-1